| 000 | 01408nam a22005777a 4500 | ||
|---|---|---|---|
| 001 | BR7406050 | ||
| 003 | BR-BrBNA | ||
| 005 | 20230928084628.0 | ||
| 007 | ta | ||
| 008 | 230509b bl.||||| |||| 00| 0 por d | ||
| 040 |
_aBR-BrBNA _bpor _cBiblioteca Nacional de Agricultura |
||
| 041 | _a(Por) | ||
| 072 |
_aE15; F00 _b/G514 |
||
| 090 | _ E15 BR7406050 | ||
| 110 | 1 | _aSubsecretaria de Planejamento e Orcamento, Brasilia, DF (Brasil) | |
| 245 | 1 | _aProjecoes da area, producao e rendimento das principais culturas a nivel nacional [Brasil] | |
| 260 | 3 |
_aBrasilia, DF (Brasil): _c[nd]. |
|
| 300 | _a28 p. | ||
| 500 | _aNumerical data; Published 1974? | ||
| 650 | _aABACAXI | ||
| 650 | _aALGODAO | ||
| 650 | _aAMENDOIM | ||
| 650 | _aARROZ | ||
| 650 | _aBANANA | ||
| 650 | _aBATATA INGLESA | ||
| 650 | _aCACAU | ||
| 650 | _aCAFE | ||
| 650 | _aCAJU | ||
| 650 | _aCANA DE ACUCAR | ||
| 650 | _aCEBOLA | ||
| 650 | _aCOCO | ||
| 650 | _aFEIJAO | ||
| 650 | _aFUMO | ||
| 650 | _aJUTA | ||
| 650 | _aMALVA | ||
| 650 | _aLARANJA | ||
| 650 | _aMAMONA | ||
| 650 | _aMANDIOCA | ||
| 650 | _aMELANCIA | ||
| 650 | _aMELAO | ||
| 650 | _aMILHO | ||
| 650 | _aPIMENTA DO REINO | ||
| 650 | _aSISAL | ||
| 650 | _aSOJA | ||
| 650 | _aTOMATE | ||
| 650 | _aTRIGO | ||
| 650 | _aUVA | ||
| 650 | _aESTATISTICA DE PRODUCAO | ||
| 909 |
_a202309 _bLucia _c55 _dLucia Elande |
||
| 942 | _cBK | ||
| 999 |
_c20172 _d20172 |
||